All 20K+ Cities in Canada on a Map - Statistics

General Stats
  • This quiz has been taken 468 times
  • The average score is 39 of 111
Answers on the Map
Answers color-coded by a green-red scale on the quiz's map according to % correct below.
 
Answer Stats
Province/Territory Population City % Correct
British Columbia 2,691,351 Vancouver
94%
Ontario 6,471,850 Toronto
93%
Alberta 1,514,723 Calgary
90%
Alberta 1,447,143 Edmonton
90%
Québec 4,318,505 Montréal
89%
Ontario/Québec 1,441,118 Ottawa
88%
Québec 824,411 Québec City
88%
Manitoba 844,566 Winnipeg
85%
New Brunswick 131,025 Saint John
81%
Newfoundland and Labrador 212,433 St. John's
81%
Saskatchewan 330,674 Saskatoon
80%
Nova Scotia 440,348 Halifax
79%
British Columbia 402,271 Victoria
78%
Saskatchewan 261,684 Regina
77%
Northwest Territories 21,888 Yellowknife
77%
Yukon 32,308 Whitehorse
75%
Ontario 545,441 London
70%
Ontario 127,201 Thunder Bay
67%
Ontario 794,716 Hamilton
64%
Ontario 354,917 Windsor
63%
Ontario 584,259 Kitchener
57%
Ontario 434,927 St. Catharines
55%
New Brunswick 109,883 Fredericton
53%
Prince Edward Island 78,568 Charlottetown
51%
British Columbia 217,229 Kelowna
51%
Ontario 172,216 Greater Sudbury
50%
British Columbia 115,957 Kamloops
49%
Ontario 175,708 Kingston
49%
Alberta 105,768 Red Deer
49%
Ontario 80,589 Sault Ste. Marie
49%
Québec 160,685 Trois-Rivières
47%
New Brunswick 155,825 Moncton
45%
British Columbia 115,743 Nanaimo
44%
British Columbia 95,180 Prince George
42%
British Columbia 201,953 Abbotsford
40%
Alberta 79,267 Medicine Hat
40%
Ontario 413,936 Oshawa
40%
Québec 221,043 Sherbrooke
40%
Alberta 76,128 Wood Buffalo
40%
Nova Scotia 101,265 Cape Breton
39%
Ontario 165,236 Guelph
39%
Ontario 213,660 Barrie
37%
Alberta 127,232 Lethbridge
37%
Manitoba 62,242 Brandon
35%
Saskatchewan 36,500 Moose Jaw
35%
Ontario 100,662 Sarnia
35%
Québec 162,416 Saguenay
33%
Ontario 131,416 Peterborough
31%
British Columbia 114,938 Chilliwack
30%
Ontario 73,838 North Bay
29%
Alberta 69,933 Grande Prairie
28%
Saskatchewan 46,312 Prince Albert
28%
Ontario 43,006 Timmins
27%
Ontario 106,091 Chatham-Kent
26%
Ontario 111,311 Belleville
25%
Alberta/Saskatchewan 36,563 Lloydminster
25%
Ontario 149,018 Brantford
24%
Ontario 62,445 Cornwall
24%
Québec 99,722 Drummondville
24%
Québec 56,123 Rimouski
24%
Québec 34,340 Val-d'Or
24%
British Columbia 46,248 Penticton
22%
British Columbia 41,845 Campbell River
21%
Québec 28,157 Sept-Îles
21%
Newfoundland and Labrador 31,793 Corner Brook
20%
British Columbia 65,588 Vernon
20%
British Columbia 29,923 Fort St. John
19%
Québec 88,754 Granby
19%
Québec 29,580 Rivière-du-Loup
19%
Ontario 33,716 Owen Sound
18%
Québec 33,464 Saint-Georges
18%
Nova Scotia 46,852 Truro
18%
New Brunswick 31,683 Bathurst
17%
British Columbia 59,268 Courtenay
17%
British Columbia 26,794 Port Alberni
17%
Québec 43,055 Rouyn-Noranda
17%
Québec 26,970 Baie-Comeau
16%
British Columbia 27,708 Cranbrook
16%
Québec 60,733 Saint-Hyacinthe
16%
Alberta 30,542 Okotoks
15%
Ontario 33,335 Orillia
15%
British Columbia 24,398 Quesnel
15%
Québec 54,411 Shawinigan
15%
British Columbia 22,397 Squamish
15%
Québec 50,441 Victoriaville
15%
New Brunswick 24,052 Edmundston
14%
Ontario 80,516 Kawartha Lakes
14%
Nova Scotia 34,824 New Glasgow
14%
British Columbia 30,707 Parksville
14%
Ontario 45,453 Woodstock
14%
Québec 32,905 Alma
13%
British Columbia 48,251 Duncan
13%
Québec 51,459 Joliette
13%
New Brunswick 28,000 Miramichi
13%
Ontario 33,717 Stratford
13%
Ontario 40,182 Brockville
12%
Alberta 25,081 Brooks
12%
Québec 42,256 Salaberry-de-Valleyfield
12%
Québec 41,732 Sorel-Tracy
12%
Manitoba 33,536 Winkler
12%
Ontario 23,818 Collingwood
11%
Ontario 70,194 Norfolk
11%
Ontario 23,766 Pembroke
11%
Ontario 20,180 Cobourg
10%
Ontario 52,209 Leamington
10%
Ontario 39,567 Midland
10%
Québec 28,659 Thetford Mines
10%
Nova Scotia 27,751 Kentville
9%
Ontario 23,182 Wasaga Beach
9%
Ontario 35,820 Carleton Place
7%
Ontario 31,035 Fergus
5%
No matching quizzes found
Score Distribution
Percent of People with Each Score
Percentile by Number Answered
Your Score History
You have not taken this quiz